| 000 | 00847cab a2200241 4500 | ||
|---|---|---|---|
| 001 | ABS57614 | ||
| 008 | 090401t1997 xxu||||| |||| 00| 0 eng d | ||
| 035 | _a(Sirsi) u81015 | ||
| 041 | _aeng | ||
| 100 | _aDefoe, P. | ||
| 245 | _aSharing the rights of light | ||
| 260 | _c1997 | ||
| 350 | _a0 | ||
| 490 |
_aCSM (Chartered Surveyor Monthly) _v7(1) September 1997, 38-39(2) |
||
| 520 | _aDemonstrates how information technology can be used to calculate rights of light. Suggests it would be in the interests of the profession for surveyors, who have developed their own software, to share this technology. | ||
| 650 | _aCAD SYSTEMS | ||
| 650 |
_aRights of light _96267 |
||
| 650 | _aSOFTWARE PACKAGES | ||
| 650 | _aSPREADSHEETS | ||
| 690 | _aMANAGEMENT-BUSINESS MANAGEMENT-INFORMATION MANAGEMENT | ||
| 942 | _n0 | ||
| 948 | _c22/09/1997 | ||
| 999 |
_c51039 _d51039 |
||